| 000 | 00430nam a22001337a 4500 | ||
|---|---|---|---|
| 082 |
_a629.13 _bWIT _cD |
||
| 100 |
_aWitczak, M.W _944388 |
||
| 245 |
_aDesign analysis - Full-Depth asphalt pavement for dallas-fort worth regional airport _cWitczak, M.W |
||
| 260 |
_aMaryland _bThe asphalt institute _c1970 |
||
| 300 |
_aix, 77 p. _bill. _c30 cm. |
||
| 526 |
_a0 _b0 _c0 _d629_130000000000000_WIT |
||
| 650 |
_aD _96527 |
||
| 942 |
_2ddc _cBK |
||
| 999 |
_c548191 _d548191 |
||